Sports Quiz

Random Sports or Olympics Quiz

Olympic Cities Finalists Quiz Stats

 Plays Quiz not verified by Sporcle

Also try: NFL: Literally
Challenge
Share
Tweet
Embed
Score 0/69 Timer 10:00
0 Plays Today
Final Standing City % Correct
6thChicago
92.8%
T-6thChicago
92.8%
3rdParis
92.3%
2ndMadrid
91.2%
4thIstanbul
90.7%
2ndLos Angeles
90.5%
3rdLos Angeles
90.5%
2ndRome
90.2%
T-5thMexico City
89.4%
4thBerlin
88.1%
4thMelbourne
87.6%
4thStockholm
87.6%
2ndAthens
86.9%
2ndToronto
85.6%
4thDetroit
83.5%
2ndParis
82.7%
2ndDetroit
82.5%
3rdCape Town
81.7%
5thMexico City
81.2%
5thBuenos Aires
81.2%
6thAmsterdam
79.6%
T-5thBrussels
75.8%
3rdManchester
73.5%
72.2%
2ndNagoya
70.9%
3rdLyon
66.5%
2ndBuenos Aires
62.9%
2ndDetroit
60.1%
4thAmsterdam
59.5%
6thBelgrade
59.5%
3rdToronto
57.7%
5thIstanbul
57.7%
9th San Francisco
55.7%
7thTokyo
55.7%
5thManchester
51.5%
Final Standing City % Correct
4thBudapest
51.3%
4thBuenos Aires
51.3%
49.7%
5thDetroit
48.5%
4thDetroit
48.5%
3rdBrisbane
45.6%
3rdLyon
44.6%
7thPhiladelphia
44.1%
T-6thPhiladelphia
44.1%
2ndLausanne
40.2%
3rdDetroit
39.4%
2ndLos Angeles
38.1%
4thBuenos Aires
37.6%
26.8%
3rdLos Angeles
26.5%
3rdMinneapolis
24%
T-6thMinneapolis
24%
2ndMoscow
23.7%
4thBelgrade
23.5%
2ndBeijing
22.2%
2ndParis
19.1%
18.8%
3rdMadrid
18.6%
2ndMadrid
18.6%
4thNew York
18.3%
T-3rdMontreal
18%
5thMoscow
18%
3rdTokyo
18%
5thBirmingham
16%
4thChicago
16%
5thOsaka
7.7%
6.2%
6.2%
0.5%

You're not logged in!

Compare scores with friends on all Sporcle quizzes.
OR
Log In

You Might Also Like...

Show Comments

Extras

Top Quizzes Today


Score Distribution

Your Account Isn't Verified!

In order to create a playlist on Sporcle, you need to verify the email address you used during registration. Go to your Sporcle Settings to finish the process.

Report this User

Report this user for behavior that violates our Community Guidelines.

Details: